000 01511cam a22002174a 4500
005 20250605164002.0
008 250528s ||||||||||||||||||||||||d
035 _a15673
020 _a139043438
040 _aGR-AtMCL
_bgre
_dGR-AtMCL
_eAACR2
245 1 _aTechnical Analysis of Stock Trends
250 _a6th
260 _bJohn Magee Inc,
_c1992
300 _a632
520 _aForeword, The Technical Approach, Charts, The Dow Theory, Dow Theory in Practice, The Dow Theory's Defects, Important Reversal Patterns, The Triangles, Other Reversal Phenomena, Consolidation Formations, Gaps, Support and Resistance, Trendlines and Channels, Major Trendlines, Technical Analysis of Commodity Charts, Summary and Some Concluding Comments, The Tactical Problem, The All-Important Details, The Kind of Stocks we Want, Selection of Stocks to Chart, The Mechanics of Building a Chart, The Probable Moves of Your Stocks, Two Touchy Questions, Round Lots or Odd Lots, Stop Orders, What is Bottom and What is Top, Trendlines in Action, Use of Support and Resistance, Not All in One Basket, Measuring Implications in Technical Chart, Tactical Review of Chart Action, A Quick Summation of Tactical Methods, Effect of Technical Trading oon Market Action, Automated Trendline: The Moving Average, The Same Old Patterns, Balanced and Diversified, Trial and Error, Stick to Your Guns, Index.
700 1 _aEdwards Robert D
_91637
700 1 _aMagee John
_91638
942 _cBK
999 _c1236
_d1236